شرح أحكام الإيجار في التقنين المدني وتشريعات إيجار الأماكن : (Record no. 22262)

MARC details
000 -الفاتح
حقل البيانات ثابتة الطول 01685nam a22003135a 4500
003 - محدد رقم الضبط
رقم الضبط OSt
005 - وقت وتاريخ اخر تعامل مع التسجيلة
رقم الضبط 20160828153709.0
008 - عناصر البيانات ثابتة الطول - معلومات عامة
حقل البيانات ثابتة الطول 160828s2010 u frb 000 0 ara d
015 ## -
-- 2010/1783
040 ## - مصدر الفهرسة
وكالة الفهرسة الأصلية EG-ScBUE
لغة الفهرسة ara
وكالة النسخ EG-ScBUE
043 ## - رمز المنطقة الجغرافية
رمز المنطقة الجغرافية f-ua---
082 04 - رقم تصنيف ديوى العشرى
رقم التصنيف 346.6202
رقم المادة ع ط ا
رقم الطبعة 22
100 1# - المدخل الرئيسى - إسم شخصى
الإسم الشخصى العطار، عبد الناصر توفيق.
9 (RLIN) 40942
245 10 - بيان العنوان
العنوان شرح أحكام الإيجار في التقنين المدني وتشريعات إيجار الأماكن :
بقية العنوان دراسة تفصيلية لأحكام قانوني إيجار الأماكن رقم 136 لسنة 1981 ورقم 49 لسنة 1977 والقرارات الوزارية المنفذة لهما والقوانين 4/1996 و6/1997 في ضوء أحكام القانون المدني وأحدث أحكام القضاء مع أحكام الفقه الإسلامي /
بيان المسئوليه,etc عبد الناصر توفيق العطار.
250 ## - بيان الطبعة
بيان الطبعة ط. 4.
260 ## - PUBLICATION, DISTRIBUTION, ETC. (IMPRINT)
مكان الناشر او الموزع القاهرة :
اسم الناشر او الموزع المكتبة الأزهرية للتراث،
تاريخ النشر أو التوزيع 2010.
300 ## - الوصف المادى
التعداد 2 مج. (1159 ص.) ؛
أبعاد الوعاء 24 سم.
504 ## - تبصرة ببليوجرافية
تبصرة ببليوجرافية,الخ يشتمل على إرجاعات ببليوجرافية.
650 #7 - المدخل الاضافى بالموضوع-مصطلح موضوعى
مصطلح موضوعي أو اسم جغرافي كعنصر مدخل الإيجارات
التقسيم الفرعي العام قوانين وتشريعات
التقسيم الفرعي الجغرافي مصر.
مصدر الرأس أو المصطلح BUEsh
9 (RLIN) 40891
650 #7 - المدخل الاضافى بالموضوع-مصطلح موضوعى
مصطلح موضوعي أو اسم جغرافي كعنصر مدخل عقود الإيجار
التقسيم الفرعي الجغرافي مصر.
مصدر الرأس أو المصطلح BUEsh
9 (RLIN) 40893
650 #7 - المدخل الاضافى بالموضوع-مصطلح موضوعى
مصطلح موضوعي أو اسم جغرافي كعنصر مدخل عقود الإيجار (فقه إسلامي)
مصدر الرأس أو المصطلح BUEsh
9 (RLIN) 40944
650 #7 - المدخل الاضافى بالموضوع-مصطلح موضوعى
مصطلح موضوعي أو اسم جغرافي كعنصر مدخل المالك والمستأجر
التقسيم الفرعي الجغرافي مصر.
مصدر الرأس أو المصطلح BUEsh
9 (RLIN) 40941
650 #7 - المدخل الاضافى بالموضوع-مصطلح موضوعى
مصطلح موضوعي أو اسم جغرافي كعنصر مدخل العقود
التقسيم الفرعي العام إخلال
التقسيم الفرعي الجغرافي مصر.
مصدر الرأس أو المصطلح BUEsh
9 (RLIN) 40862
650 #7 - المدخل الاضافى بالموضوع-مصطلح موضوعى
مصطلح موضوعي أو اسم جغرافي كعنصر مدخل العقود
التقسيم الفرعي العام بطلان
التقسيم الفرعي الجغرافي مصر.
مصدر الرأس أو المصطلح BUEsh
9 (RLIN) 40866
650 #7 - المدخل الاضافى بالموضوع-مصطلح موضوعى
مصطلح موضوعي أو اسم جغرافي كعنصر مدخل العقود (فقه إسلامي)
مصدر الرأس أو المصطلح BUEsh
9 (RLIN) 40834
651 ## - المدخل الاضافى بالموضوع - اسم جغرافى
مصدر الرأس أو المصطلح BUEsh
653 ## - مصطلح تكشيفى غير مقيد
Resource For college Law
Arrived date list August 2016
942 ## - عناصر المدخل الإضافي( كوها)
مصدر التصنيف او مخطط الترفيف Dewey Decimal Classification
Holdings
حالة التراجع حالة الفقد مصدر التصنيف او خطة الترفيف تحديد مواد ( مجلدات مجمعه أو جزء أخر) حالة تلف ليس للاعارة مجموعات كوها المكان الدائم المكان الحالي موقع الترفيف تاريخ الاكتساب Source of acquisition سعر الشراء الطبيعي تعداد مسلسل / التسلسل الزمني رقم الاستدعاء الباركود Date last seen مُعار التكلفة نوع الوعاء تبصرة عامة
  Lost Dewey Decimal Classification Lost_In_Inventory_12-2-2024     دار الفكر العربي Central Library Central Library First floor 28/08/2016 Purchase 250.00 15886 346.6202 ع ط ا 000033390 24/08/2022 16/02/2022 313.00 Book - Borrowing مج. 1.
    Dewey Decimal Classification       دار الفكر العربي Central Library Central Library First floor 28/08/2016 Purchase 250.00 15886 346.6202 ع ط ا 000033391 15/07/2025 18/04/2024 313.00 Book - Borrowing مج. 2.